000 00389nam a2200169Ia 4500
005 20250423101042.0
008 250422s9999 xx 000 0 und d
020 _a0-07-212372-9
050 _aQA 76.3 .S86/
245 0 _aSune certified programmer for java 2
260 _aCalifornia
260 _bMcGraw-Hill
260 _c2000
300 _a625 p
650 _aJavas
942 _cBK
999 _c35137
_d35137